| 000 | 00688nam a2200193Ia 4500 | ||
|---|---|---|---|
| 008 | 151119s9999||||xx |||||||||||||| ||und|| | ||
| 082 | _a823.91 | ||
| 082 | _bGKKV15625 | ||
| 100 | _aआर्चर जेफ्री | ||
| 245 | _aनाँट अ पेनी मोअर नाँट अ पेनी लेस | ||
| 260 | _a-- | ||
| 260 | _b-- | ||
| 260 | _c0 | ||
| 600 | _aआर्चर जेफ्री | ||
| 630 | _aनाँट अ पेनी मोअर नाँट अ पेनी लेस | ||
| 700 | _aआर्चर जेफ्री | ||
| 730 | _aनाँट अ पेनी मोअर नाँट अ पेनी लेस | ||
| 942 | _cBOOK | ||
| 999 |
_c1068988 _d1068985 |
||